000 00292nam a22001217a 4500
008 230704b xxu||||| |||| 00| 0 eng d
082 _a344.01
_bBRO
100 _cW.J Brown
245 _aPractical Company Law
_b
260 _a London
_c 1984
_bPan Books Ltd
300 _a341p
942 _2ddc
_cBK
999 _c3624
_d3624